Introduction to Electronics (Record no. 1186)
[ view plain ]
| 000 -LEADER | |
|---|---|
| fixed length control field | 00416nam a2200157 4500 |
| 008 - FIXED-LENGTH DATA ELEMENTS--GENERAL INFORMATION | |
| fixed length control field | 200113b ||||| |||| 00| 0 eng d |
| 082 00 - DEWEY DECIMAL CLASSIFICATION NUMBER | |
| Classification number | 621.381 |
| Item number | B8217 |
| 100 ## - MAIN ENTRY--PERSONAL NAME | |
| 9 (RLIN) | 772 |
| Personal name | Branson, Lane K. |
| 245 10 - TITLE STATEMENT | |
| Title | Introduction to Electronics |
| 250 ## - EDITION STATEMENT | |
| Edition statement | 1st ed. |
| 260 ## - PUBLICATION, DISTRIBUTION, ETC. (IMPRINT) | |
| Place of publication, distribution, etc | New Delhi |
| Name of publisher, distributor, etc | Prentice Hall |
| Date of publication, distribution, etc | 1967 |
| 300 ## - PHYSICAL DESCRIPTION | |
| Extent | xix, 594 p. |
| 365 ## - TRADE PRICE | |
| Price type code | Rs. |
| Unit of pricing | 20.00 |
| 650 #0 - SUBJECT ADDED ENTRY--TOPICAL TERM | |
| Topical term or geographic name as entry element | Electronics |
| 942 ## - ADDED ENTRY ELEMENTS (KOHA) | |
| Source of classification or shelving scheme | |
| Item type | Books |
| Withdrawn status | Lost status | Source of classification or shelving scheme | Damaged status | Not for loan | Permanent location | Current location | Date acquired | Total Checkouts | Full call number | Barcode | Date last seen | Date last borrowed | Koha item type | Source of acquisition | Cost, normal purchase price |
|---|---|---|---|---|---|---|---|---|---|---|---|---|---|---|---|
| IMU Kolkata | IMU Kolkata | 1974-08-03 | 1 | 621.381 B8217 | 04141 | 2024-11-27 | 2024-11-11 | Books | |||||||
| IMU Kolkata | IMU Kolkata | 1974-08-03 | 621.381 B8217 | 04142 | 2020-01-13 | Books | |||||||||
| IMU Kolkata | IMU Kolkata | 1974-08-03 | 621.381 B8217 | 04143 | 2020-01-13 | Books | |||||||||
| IMU Kolkata | IMU Kolkata | 1974-08-03 | 621.381 B8217 | 04144 | 2020-01-13 | Books | |||||||||
| IMU Kolkata | IMU Kolkata | 2020-03-23 | 621.381 B8217 | 05437 | 2020-03-23 | Books | Universal Book Corporation, Bombay | 20.00 | |||||||
| IMU Kolkata | IMU Kolkata | 2020-03-23 | 621.381 B8217 | 05438 | 2020-03-23 | Books | Universal Book Corporation, Bombay | 20.00 |